[Event "Warsaw Chess Open - A"]
[Site "Warszawa"]
[Date "1899-12-30"]
[Round "5.3"]
[White "Pultinevicius, Paulius"]
[Black "Janik, Igor"]
[Result "1/2-1/2"]
[WhiteTitle "GM"]
[BlackTitle "IM"]
[WhiteElo "2492"]
[BlackElo "2500"]

1. d4 Nf6 2. c4 e6 3. Nf3 d5 4. Nc3 c5 5. cxd5 Nxd5 6. g3 cxd4 7. Qxd4 Nc6 8. Qe4
Nxc3 9. bxc3 Qa5 10. Bd2 Be7 11. Bg2 O-O 12. O-O Bf6 13. Rfd1 Rd8 14. Rab1 h6
15. Qc2 Qc7 16. c4 Bd7 17. c5 Be8 18. Rdc1 Ne7 19. Bf4 Qc8 20. e4 Ng6 21. Bd6
e5 22. h4 b6 23. Qb3 bxc5 24. Rxc5 Qa6 25. Bc7 Rd3 26. Qb2 Qe6 27. h5 Nf8 28.
Rd5 Rxd5 29. exd5 Qf5 30. Bxe5 Nd7 31. Bxf6 Nxf6 32. Ne5 Rd8 33. Nc6 Rd7 34. Re1
Qxh5 35. Qb8 Kh7 36. Nxa7 Rxd5 37. Bxd5 Qxd5 38. Qb1+ g6 39. Qb3 Qd7 40. Qc3 Qf5
41. Qd4 Bd7 42. a4 Qf3 43. Re3 Qf5 44. Rb3 Be6 45. Rb6 Bd5 46. Rb5 Qe6 47. Rxd5
Nxd5 48. Nb5 Ne7 49. Nc3 Nf5 50. Qe4 Qf6 51. Nd5 Qa1+ 52. Kg2 h5 53. Qf4 Kg8 54.
Qb8+ Kg7 55. Qf4 Kg8 56. Qe4 Kh7 57. Nf4 Kg7 58. Nd3 Kh7 59. Ne5 Kg7 60. Qd5 Nh6
61. a5 Qa4 62. Nc6 Nf5 63. Nd8 Nh6 64. Kf1 Qa1+ 65. Ke2 Qb2+ 66. Kd3 Kg8 67. f3
Qa3+ 68. Kc2 Qa4+ 69. Kd2 Qb4+ 70. Kc2 Qa4+ 71. Kd2 Qb4+ 1/2-1/2

[Event "Warsaw Chess Open - A"]
[Site "Warszawa"]
[Date "1899-12-30"]
[Round "5.4"]
[White "Heberla, Bartlomiej"]
[Black "Nguyen, Piotr"]
[Result "0-1"]
[WhiteTitle "GM"]
[BlackTitle "IM"]
[WhiteElo "2559"]
[BlackElo "2411"]

1. e4 e6 2. d4 d5 3. e5 c5 4. c3 Nc6 5. Nf3 Qb6 6. Na3 f6 7. Bd3 cxd4 8. cxd4 Bb4+
9. Kf1 fxe5 10. dxe5 Nge7 11. Be3 Bc5 12. Bxc5 Qxc5 13. Rc1 Qb6 14. Qc2 Nb4 15.
Bb5+ Bd7 16. Bxd7+ Kxd7 17. Qa4+ Nec6 18. Rd1 Qc5 19. h4 Rhf8 20. Rh3 Rf4 21.
Rg3 g6 22. Kg1 Nd3 23. Qb3 Qxf2+ 24. Kh2 Ndb4 25. Rd2 Qf1 26. Qe3 Raf8 27. Qc5
Kc8 28. Nb5 b6 29. Nxa7+ Kb7 30. Qb5 Rc4 31. b3 Nxa7 32. Qd7+ Rc7 33. Qd6 Rf4
34. Rd4 Nd3 35. Rxf4 Nxf4 36. Nd4 Nb5 37. Nxb5 Qxb5 38. Rf3 Rf7 39. a4 Qe2 40.
Rg3 Qe1 41. a5 Qxa5 42. b4 Qb5 43. Rf3 Qc6 44. Qd8 Qc2 45. Rg3 Qc7 0-1

[Event "Warsaw Chess Open - A"]
[Site "Warszawa"]
[Date "1899-12-30"]
[Round "5.5"]
[White "Fus, Jakub"]
[Black "Chatalbashev, Boris"]
[Result "0-1"]
[WhiteTitle "FM"]
[BlackTitle "GM"]
[WhiteElo "2403"]
[BlackElo "2535"]

1. e4 c5 2. Nf3 Nc6 3. Bb5 g6 4. O-O Bg7 5. c3 Nf6 6. Re1 O-O 7. d4 d5 8. e5 Ne4
9. Bxc6 bxc6 10. Be3 cxd4 11. cxd4 f6 12. exf6 exf6 13. Qc1 Bd7 14. Nc3 Nxc3 15.
Qxc3 g5 16. Nd2 f5 17. Nf3 f4 18. Bd2 Rc8 19. Ne5 Rf5 20. Qc5 Bxe5 21. Rxe5 Rxe5
22. dxe5 Be6 23. Qxa7 d4 24. Qc5 Kf7 25. Rd1 Qd5 26. Bb4 Qxc5 27. Bxc5 Bxa2 28.
Rxd4 Ke6 29. Ra4 Bb1 30. Ra1 Bd3 31. Rd1 Be2 32. Re1 f3 33. gxf3 Bxf3 34. Re3
g4 35. h3 h5 36. Kh2 Rb8 37. b4 Ra8 38. Kg3 Kf5 39. Re1 h4+ 40. Kh2 g3+ 41. Kg1
Ke6 42. Kf1 Ra2 43. Kg1 Rb2 44. Kf1 Bd5 45. Rd1 Rb3 46. fxg3 hxg3 47. Re1 Rb2
48. h4 Rh2 49. h5 Rxh5 50. Ke2 Kxe5 51. Rg1 g2 52. Kf2 Rf5+ 53. Kg3 Rf1 54. Bb6
Be4 55. Bc5 Kd5 56. Kh2 Kc4 57. Bd6 Rf6 58. Bc5 Rf1 59. Bd6 Kd3 60. Bc5 Ke2 61.
Kg3 Bd5 62. Bb6 Rf7 63. Bc5 Rg7+ 64. Kf4 Kd2 65. Be3+ Kc2 66. Ke5 Re7+ 67. Kf4
Re4+ 68. Kf3 Rxb4+ 69. Kf2 Rb2 70. Bd4 Ra2 71. Ke3 Ra3+ 72. Kf2 Rf3+ 73. Ke2 Rf4
0-1

[Event "Warsaw Chess Open - A"]
[Site "Warszawa"]
[Date "1899-12-30"]
[Round "5.6"]
[White "Lewtak, Damian"]
[Black "Jakubowski, Krzysztof"]
[Result "1-0"]
[WhiteTitle "IM"]
[BlackTitle "GM"]
[WhiteElo "2380"]
[BlackElo "2497"]

1. d4 Nf6 2. c3 d6 3. Bf4 Nh5 4. Bg5 h6 5. Bh4 g5 6. e3 Ng7 7. Bg3 e6 8. e4 f5
9. exf5 exf5 10. f4 Nd7 11. Nd2 Nf6 12. Qe2+ Be6 13. Nh3 Qd7 14. fxg5 hxg5 15.
Nxg5 O-O-O 16. Nxe6 Nxe6 17. Qb5 Qe7 18. O-O-O f4 19. Bf2 Ng4 20. Qe2 Rg8 21.
Bh4 Qf7 22. Re1 Re8 23. d5 Qh5 24. Qb5 Ng7 25. Be2 Rxe2 26. Rxe2 Ne5 27. Nf3 a6
28. Qa4 Kb8 29. Bf2 Nd3+ 30. Kb1 Nxf2 31. Rxf2 Qxd5 32. Qxf4 Ne6 33. Qd2 Qh5 34.
Nd4 Nc5 35. Qe2 Qh8 36. Nb3 Nxb3 37. axb3 Bg7 38. h3 Re8 39. Qd3 Qh6 40. Re2 Be5
41. Rf1 Qe6 42. Ka2 Rh8 43. Qc4 Qh6 44. Rf7 Rc8 45. Ref2 Qh8 46. Rd7 Bf6 47. Qe6
Bh4 48. Rff7 Qh5 49. Qc4 Bg3 50. Rg7 Bf2 51. g4 Qa5+ 52. Kb1 b5 53. Qf7 Ba7 54.
g5 b4 55. Rxc7 1-0

[Event "Warsaw Chess Open - A"]
[Site "Warszawa"]
[Date "1899-12-30"]
[Round "5.7"]
[White "Chomczyk, Marek"]
[Black "Pacan-milej, Kosma"]
[Result "1-0"]
[WhiteTitle "k++"]
[BlackTitle "FM"]
[WhiteElo "2194"]
[BlackElo "2421"]

1. e4 c5 2. Nc3 Nc6 3. Nge2 e5 4. Ng3 g6 5. Bc4 Bg7 6. O-O Nf6 7. d3 d6 8. f4 exf4
9. Bxf4 O-O 10. Qd2 Ne5 11. Bg5 h6 12. Bxh6 Bxh6 13. Qxh6 Nfg4 14. Qf4 Qh4 15.
h3 g5 16. Nf5 Bxf5 17. Qxf5 Ne3 18. Qf6 Nxf1 19. Rxf1 Qh8 20. Qxg5+ Qg7 21. Qh4
Nxc4 22. Nd5 Qd4+ 23. Kh1 f5 24. Ne7+ Kf7 25. Qh7+ Ke6 26. Nd5 Rf7 27. Qg6+ Rf6
28. Nxf6 Qxf6 29. exf5+ Ke7 30. dxc4 1-0

[Event "Warsaw Chess Open - A"]
[Site "Warszawa"]
[Date "1899-12-30"]
[Round "5.8"]
[White "Rajlich, Iweta"]
[Black "Antolak, Julia"]
[Result "1/2-1/2"]
[WhiteTitle "IM"]
[BlackTitle "WIM"]
[WhiteElo "2393"]
[BlackElo "2309"]

1. d4 Nf6 2. c4 e6 3. Nc3 Bb4 4. Qc2 d5 5. cxd5 exd5 6. Bg5 c6 7. e3 Nbd7 8. Bd3
Nf8 9. Nge2 Ng6 10. Ng3 Be7 11. h3 Be6 12. O-O-O Nf8 13. f4 h6 14. Bxf6 gxf6 15.
Nh5 Qa5 16. Ng7+ Kd8 17. Nf5 Bb4 18. Qb3 Nd7 19. Kb1 b5 20. Rc1 Nb6 21. a3 Bf8
22. g4 Rb8 23. Rhd1 h5 24. Na2 Rc8 25. Nb4 Nc4 26. Qc3 Qb6 27. Bxc4 bxc4 28. e4
hxg4 29. hxg4 a5 30. Nxc6+ Rxc6 31. Ne3 Rh3 32. Rh1 Bb4 33. axb4 axb4 34. Qe1
Rxh1 35. Qxh1 b3 36. Qh8+ Ke7 37. Qa8 Qxd4 38. Qxc6 Qxe4+ 39. Nc2 bxc2+ 40. Rxc2
Bxg4 41. Qc5+ Ke8 42. Qb5+ Kf8 43. Qc5+ Kg8 44. Qg1 f5 45. Qh2 d4 46. Qh6 Qe1+
1/2-1/2

[Event "Warsaw Chess Open - A"]
[Site "Warszawa"]
[Date "1899-12-30"]
[Round "5.9"]
[White "Karwowski, Kacper"]
[Black "Sieciechowicz, Marcin"]
[Result "1/2-1/2"]
[WhiteTitle "CM"]
[BlackTitle "IM"]
[WhiteElo "2243"]
[BlackElo "2386"]

1. e4 e6 2. d4 d5 3. Nd2 Nf6 4. e5 Nfd7 5. Bd3 c5 6. c3 b6 7. Ne2 Ba6 8. Bxa6 Nxa6
9. O-O Be7 10. Nf4 O-O 11. Qg4 Kh8 12. Nf3 Rc8 13. h4 Nc7 14. g3 Qe8 15. Kg2 Rg8
16. h5 h6 17. Rh1 b5 18. Be3 a5 19. Ng6+ Kh7 20. Nxe7 Qxe7 21. Qf4 cxd4 22. Qxd4
Rgf8 23. Nh4 Kg8 24. a4 Rb8 25. Nf3 Nb6 26. Rh4 Nc4 27. Bc1 bxa4 28. Rxa4 Nxb2
29. Rxa5 Nc4 30. Ra7 Ra8 31. Rg4 Kh8 32. Rb7 Rab8 33. Ra7 Ra8 34. Rb7 Rab8 35.
Ra7 Ra8 1/2-1/2

[Event "Warsaw Chess Open - A"]
[Site "Warszawa"]
[Date "1899-12-30"]
[Round "5.10"]
[White "Wikar, Martyna"]
[Black "Szotkowski, Jakub"]
[Result "0-1"]
[WhiteTitle "k++"]
[BlackTitle "IM"]
[WhiteElo "2168"]
[BlackElo "2366"]

1. e4 c6 2. d4 d5 3. Nc3 dxe4 4. Nxe4 Bf5 5. Ng3 Bg6 6. h4 h6 7. Nf3 Nd7 8. h5
Bh7 9. Bd3 Bxd3 10. Qxd3 e6 11. Bd2 Ngf6 12. O-O-O Be7 13. Kb1 Qb6 14. Rhe1 O-O
15. c4 Bb4 16. Bxb4 Qxb4 17. Ne5 Rad8 18. Nxd7 Rxd7 19. Ne4 Nxe4 20. Rxe4 Rfd8
21. Rg4 Qa5 22. Qf3 Qf5+ 23. Qxf5 exf5 24. Rf4 g5 25. hxg6 fxg6 26. Kc2 Kg7 27.
Kc3 Kf6 28. Rh4 h5 29. Re1 b5 30. b3 Rd6 31. a4 bxa4 32. bxa4 c5 33. d5 Rb8 34.
a5 Rb4 35. Rhh1 Ra6 36. Ra1 Rb8 37. Rhd1 h4 38. d6 Rd8 39. d7 Ke7 40. Rd5 Rxd7
41. Re1+ Re6 42. Rxe6+ Kxe6 43. Rxc5 g5 44. Rc6+ Ke5 45. Rg6 Kf4 46. c5 Rh7 47.
g3+ Kf3 48. Rxg5 h3 49. Rxf5+ Ke4 50. Rf4+ Ke5 51. Rd4 h2 52. f4+ Ke6 53. Rd6+
Ke7 54. Rd1 h1=Q 55. Rxh1 Rxh1 56. Kc4 Kd7 57. Kb5 Rh6 0-1

[Event "Warsaw Chess Open - A"]
[Site "Warszawa"]
[Date "1899-12-30"]
[Round "5.11"]
[White "Mis, Mieszko"]
[Black "Karolczuk, Iwo"]
[Result "1-0"]
[WhiteTitle "FM"]
[BlackTitle "k"]
[WhiteElo "2361"]
[BlackElo "2129"]

1. d4 Nf6 2. c4 e6 3. Nf3 b6 4. g3 Bb7 5. Bg2 Bb4+ 6. Bd2 Bxd2+ 7. Qxd2 O-O 8.
Nc3 d6 9. d5 e5 10. O-O a5 11. Qc2 Nbd7 12. Nd2 Qc8 13. b3 c5 14. f4 Ng4 15. Qd3
Ba6 16. Bh3 f5 17. Bxg4 fxg4 18. Nde4 exf4 19. gxf4 Qb8 20. Ng5 Nf6 21. Nce4 Nxe4
22. Qxe4 g6 23. Qe6+ Kh8 24. Nf7+ Kg7 25. Nxd6 1-0

[Event "Warsaw Chess Open - A"]
[Site "Warszawa"]
[Date "1899-12-30"]
[Round "5.12"]
[White "Kubicka, Anna"]
[Black "Rudolf, Michal"]
[Result "0-1"]
[WhiteTitle "WIM"]
[BlackTitle "FM"]
[WhiteElo "2210"]
[BlackElo "2359"]

1. e4 e6 2. d4 d5 3. Nd2 Be7 4. Ngf3 Nf6 5. e5 Nfd7 6. Bd3 c5 7. c3 b6 8. Qe2 a5
9. a4 Ba6 10. Bb5 O-O 11. O-O Qc8 12. Nb1 Nc6 13. Na3 Bxb5 14. Nxb5 Na7 15. Bg5
Qd8 16. Bxe7 Qxe7 17. Nd2 Nxb5 18. Qxb5 Rfc8 19. Rac1 Qd8 20. f4 Nf8 21. Qd3 Qd7
22. b3 Rc7 23. c4 Rd8 24. cxd5 Qxd5 25. Nc4 Qxd4+ 26. Qxd4 Rxd4 27. Nxb6 Rb7 28.
Nc8 Rxb3 29. Rxc5 g6 30. g3 Rxa4 31. Ne7+ Kg7 32. Nc6 Rb2 33. Rf2 Ra1+ 34. Kg2
Rxf2+ 35. Kxf2 a4 36. Ra5 Nd7 37. Ra7 Nc5 38. Nd8 a3 39. Nxf7 a2 40. Kg2 Kf8 41.
Ng5 h6 42. Nf3 Nd3 43. Nd4 Nb4 44. Nxe6+ Ke8 45. f5 gxf5 46. Ng7+ Kd8 47. e6 Re1
48. Ra8+ Kc7 49. Kf2 Re5 50. Kf3 Kd6 51. Kf4 Nd5+ 52. Kf3 Nc3 53. Ra6+ Ke7 54.
Kf4 Re4+ 55. Kf3 Ra4 56. Nxf5+ Ke8 57. Ng7+ Kf8 58. e7+ Kxe7 59. Nf5+ Kd8 60.
Rd6+ Kc7 0-1

[Event "Warsaw Chess Open - A"]
[Site "Warszawa"]
[Date "1899-12-30"]
[Round "5.13"]
[White "Razdolski, Ilya"]
[Black "Malicka, Maria"]
[Result "1/2-1/2"]
[WhiteTitle ""]
[BlackTitle "FM"]
[WhiteElo "2109"]
[BlackElo "2272"]

1. d4 Nf6 2. c4 e6 3. g3 Bb4+ 4. Bd2 Qe7 5. Nf3 Bxd2+ 6. Qxd2 Nc6 7. Nc3 d5 8.
Bg2 dxc4 9. Ne5 Nxe5 10. dxe5 Nd7 11. Qd4 O-O 12. Rd1 Nb6 13. O-O Rb8 14. Ne4
Nd5 15. Qxc4 b6 16. Nd2 Bb7 17. e4 Nb4 18. a3 Nc6 19. Nf3 Rfd8 20. Rc1 a5 21.
Qa4 Na7 22. b4 Ba6 23. Rfe1 Bb5 24. Qc2 Rd7 25. bxa5 bxa5 26. a4 Bc6 27. Qc5 Qxc5
28. Rxc5 Rb4 29. Rxa5 Rxa4 30. Rxa4 Bxa4 31. Bf1 Rd1 32. Rxd1 Bxd1 33. Nd2 Kf8
34. f4 Ke7 35. Kf2 Kd7 36. Ke3 c5 37. Nc4 Nc8 38. f5 Bb3 39. Na5 Ba4 40. Nb7 Bc2
41. Nxc5+ Ke7 42. Kd2 Bb1 43. Kc1 Bxe4 44. Nxe4 exf5 45. Nc5 f6 46. exf6+ Kxf6
47. Kd2 g5 48. Bd3 h5 49. Kc3 Ne7 50. Kd4 h4 51. Nd7+ Ke6 52. Ne5 hxg3 53. hxg3
Kf6 54. Bb5 Nc8 55. Nd7+ Ke6 56. Nc5+ Kd6 57. Bd3 Ne7 58. Nb7+ Ke6 59. Nd8+ Kf6
60. Bc4 Ng6 61. Bf7 Ne5 62. Bh5 Nd7 63. Kd5 Nb6+ 64. Kc5 Na4+ 65. Kd4 Nb6 66.
Be2 Nd7 67. Nc6 Nf8 68. Nb4 Ne6+ 69. Kd5 Nd8 70. Bb5 Nf7 71. Kd4 Nd6 72. Bd3 Ne8
73. Nd5+ Ke6 74. Bc4 Nd6 75. Bb3 Nb7 76. Nb6+ Kf6 77. Nd7+ Kg6 78. Ke5 f4 79.
g4 f3 80. Bc2+ Kf7 81. Ke4 f2 82. Bd3 Ke7 83. Ke3 1/2-1/2

[Event "Warsaw Chess Open - A"]
[Site "Warszawa"]
[Date "1899-12-30"]
[Round "5.14"]
[White "Karpus, Michal"]
[Black "Wojdak, Jan"]
[Result "0-1"]
[WhiteTitle "FM"]
[BlackTitle "I++"]
[WhiteElo "2271"]
[BlackElo "2014"]

1. e4 e5 2. Nf3 Nc6 3. Bb5 a6 4. Ba4 Nf6 5. O-O Be7 6. Re1 b5 7. Bb3 d6 8. c3 O-O
9. h3 Nb8 10. d4 Nbd7 11. Nbd2 Bb7 12. Bc2 Re8 13. Nf1 Bf8 14. Ng3 g6 15. a4 c5
16. d5 c4 17. Bg5 Nc5 18. Qd2 Be7 19. Bh6 Nfd7 20. Nh2 Qc7 21. Rf1 Nxa4 22. Bxa4
bxa4 23. Ng4 Nc5 24. Qe3 Bc8 25. Qf3 Bxg4 26. Qxg4 Bf8 27. Be3 Nd3 28. Rfb1 Rab8
29. Rxa4 a5 30. Qe2 Rb3 31. Nf1 Reb8 32. Rxc4 Qxc4 33. Nd2 Qa6 34. Nxb3 Rxb3 35.
Rd1 Nc5 36. Qc2 Rb8 0-1

[Event "Warsaw Chess Open - A"]
[Site "Warszawa"]
[Date "1899-12-30"]
[Round "5.15"]
[White "Dwilewicz, Katarzyna"]
[Black "Szustakowski, Antoni"]
[Result "0-1"]
[WhiteTitle "WFM"]
[BlackTitle "FM"]
[WhiteElo "2082"]
[BlackElo "2260"]

1. e4 Nc6 2. d4 d5 3. Nc3 dxe4 4. d5 Nb8 5. Nxe4 c6 6. Bc4 cxd5 7. Qxd5 Qxd5 8.
Bxd5 e6 9. Bc4 Bd7 10. Nf3 Bc6 11. Bd3 Nf6 12. Nc3 Bxf3 13. gxf3 Nc6 14. Be3 Bb4
15. Ke2 Bxc3 16. bxc3 Nd5 17. Rhg1 Nxe3 18. fxe3 g6 19. Be4 Rc8 20. Rab1 b6 21.
Bxc6+ Rxc6 22. Rb3 O-O 23. Rd1 Rfc8 24. Rd3 Kf8 25. Ra3 R8c7 26. Kd2 Ke7 27. Ra4
Rc4 28. Rxc4 Rxc4 29. Rd4 Rc5 30. h4 h5 31. Ra4 a5 32. Kd3 Kd6 33. Rd4+ Ke7 34.
Ra4 e5 35. f4 f6 36. Re4 Ke6 37. a4 f5 38. Rxe5+ Rxe5 39. fxe5 Kxe5 40. c4 f4
41. exf4+ Kxf4 42. Kd4 g5 43. hxg5 Kxg5 44. Kd5 h4 45. Kc6 h3 46. Kxb6 h2 47.
c5 h1=Q 48. c4 Qa8 49. c6 Kf6 50. c7 Ke7 51. c5 Kd7 0-1

[Event "Warsaw Chess Open - A"]
[Site "Warszawa"]
[Date "1899-12-30"]
[Round "5.16"]
[White "Chylewski, Patryk"]
[Black "Choroszej, Aleksander"]
[Result "1-0"]
[WhiteTitle "FM"]
[BlackTitle "k"]
[WhiteElo "2290"]
[BlackElo "2052"]

1. e4 g6 2. d4 Bg7 3. Nc3 d6 4. Be3 a6 5. a4 Nf6 6. h3 O-O 7. g4 e5 8. Bg2 exd4
9. Bxd4 Nc6 10. Be3 Re8 11. Nge2 Rb8 12. O-O b5 13. axb5 axb5 14. Ng3 b4 15. Nce2
Bb7 16. Qd2 Nd7 17. Bg5 Bf6 18. Bxf6 Qxf6 19. b3 Nc5 20. f4 Ra8 21. Rae1 Ra2 22.
Nc1 Rb2 23. e5 dxe5 24. fxe5 Qd8 25. Bd5 Re7 26. Qg2 Qa8 27. Nf5 1-0

[Event "Warsaw Chess Open - A"]
[Site "Warszawa"]
[Date "1899-12-30"]
[Round "5.17"]
[White "Paszewski, Mateusz"]
[Black "Budnik, Mateusz"]
[Result "1-0"]
[WhiteTitle "FM"]
[BlackTitle "k"]
[WhiteElo "2280"]
[BlackElo "2024"]

1. e4 e6 2. d4 d5 3. Nd2 Nf6 4. e5 Nfd7 5. Bd3 c5 6. c3 Nc6 7. Ne2 f6 8. Nf4 Qe7
9. Nf3 f5 10. Kf1 c4 11. Bc2 Nb6 12. h4 Bd7 13. b3 O-O-O 14. Rh3 g6 15. Rg3 Rg8
16. Nh5 Qf7 17. Ng5 Qe7 18. Nf3 Qf7 19. Nf6 Rh8 20. h5 Be7 21. Ng5 Qg7 22. Nxd7
Kxd7 23. Nxe6 Kxe6 24. Bxf5+ Kf7 25. hxg6+ hxg6 26. Bxg6+ Qxg6 27. Qf3+ Kg7 28.
Rxg6+ Kxg6 29. Qg4+ Kf7 30. e6+ 1-0

[Event "Warsaw Chess Open - A"]
[Site "Warszawa"]
[Date "1899-12-30"]
[Round "5.18"]
[White "Chyzy, Jakub"]
[Black "Krasiewicz, Robert"]
[Result "1/2-1/2"]
[WhiteTitle "FM"]
[BlackTitle "k+"]
[WhiteElo "2257"]
[BlackElo "2049"]

1. e4 e6 2. d4 d5 3. Nc3 dxe4 4. Nxe4 Nd7 5. Nf3 Ngf6 6. Bd3 Be7 7. O-O O-O 8.
Qe2 b6 9. c4 Bb7 10. Rd1 Nxe4 11. Bxe4 Bxe4 12. Qxe4 Nf6 13. Qe2 Re8 14. Ne5 h6
15. Nc6 Qd7 16. Nxe7+ Qxe7 17. b3 c6 18. Bb2 Rac8 19. Rd3 b5 20. Rg3 bxc4 21.
bxc4 Nd7 22. Re1 f6 23. Qh5 Qb4 24. Bc3 Qxc4 25. Qxh6 Re7 26. Qg6 Nf8 27. Qxf6
Rf7 28. Qh4 Qxa2 29. Rh3 Rf5 30. Ra1 Rb8 31. Re1 Rb1 32. g4 Rf6 33. g5 Rf5 34.
Qh8+ Kf7 35. Qh5+ Kg8 36. Qh8+ Kf7 37. Qh5+ 1/2-1/2

[Event "Warsaw Chess Open - A"]
[Site "Warszawa"]
[Date "1899-12-30"]
[Round "5.19"]
[White "Lee, Hyuk"]
[Black "Kiolbasa, Oliwia"]
[Result "0-1"]
[WhiteTitle ""]
[BlackTitle "WIM"]
[WhiteElo "1853"]
[BlackElo "2255"]

1. e4 c6 2. d4 d5 3. Nc3 dxe4 4. Nxe4 Bf5 5. Ng3 Bg6 6. h4 h6 7. Nf3 Nd7 8. h5
Bh7 9. Bd3 Bxd3 10. Qxd3 e6 11. Bd2 Ngf6 12. O-O-O Be7 13. Kb1 Qb6 14. Rhe1 O-O
15. c4 Bb4 16. Bxb4 Qxb4 17. Ne5 Rad8 18. Nxd7 Rxd7 19. Ne4 Nxe4 20. Rxe4 Rfd8
21. Rg4 Qa5 22. Qf3 Qf5+ 23. Qxf5 exf5 24. Rf4 g5 25. hxg6 fxg6 26. Kc2 Kg7 27.
Kc3 Kf6 28. Rh4 h5 29. Re1 b5 30. b3 Rd6 31. a4 bxa4 32. bxa4 c5 33. d5 Rb8 34.
a5 Rb4 35. Rhh1 Ra6 36. Ra1 Rb8 37. Rhd1 h4 38. d6 Rd8 39. d7 Ke7 40. Rd5 Rxd7
41. Re1+ Re6 42. Rxe6+ Kxe6 43. Rxc5 g5 44. Rc6+ Ke5 45. Rg6 Kf4 46. c5 Rh7 47.
g3+ Kf3 48. Rxg5 h3 49. Rxf5+ Ke4 0-1

[Event "Warsaw Chess Open - A"]
[Site "Warszawa"]
[Date "1899-12-30"]
[Round "6.1"]
[White "Chatalbashev, Boris"]
[Black "Teclaf, Pawel"]
[Result "1-0"]
[WhiteTitle "GM"]
[BlackTitle "IM"]
[WhiteElo "2535"]
[BlackElo "2514"]

1. d4 Nf6 2. c4 g6 3. Nc3 d5 4. cxd5 Nxd5 5. e4 Nxc3 6. bxc3 Bg7 7. Nf3 c5 8. Bb5+
Nc6 9. d5 a6 10. Be2 Ne5 11. Nxe5 Bxe5 12. Qd2 Qa5 13. Bb2 O-O 14. f4 Bg7 15.
e5 b5 16. a4 Rb8 17. axb5 Qb6 18. c4 axb5 19. cxb5 Bd7 20. Ra6 Qb7 21. Rc6 Bxc6
22. dxc6 Qb6 23. Bc4 Rfd8 24. Qc2 e6 25. O-O Ra8 26. g4 Ra5 27. Qb3 Rda8 28. f5
Ra4 29. fxe6 fxe6 30. Bc3 Ra3 31. Qb2 Kh8 32. Rf7 Qd8 33. c7 Qg5 34. Qxa3 Qxg4+
35. Kf2 Qh4+ 36. Kf3 Qh5+ 37. Ke4 Qg4+ 38. Rf4 Qg2+ 39. Kd3 Bh6 40. Qxc5 Rc8 41.
Qf2 Qh1 42. Qf1 Qxh2 43. Rf3 1-0

[Event "Warsaw Chess Open - A"]
[Site "Warszawa"]
[Date "1899-12-30"]
[Round "6.2"]
[White "Nguyen, Piotr"]
[Black "Rozentalis, Eduardas"]
[Result "1/2-1/2"]
[WhiteTitle "IM"]
[BlackTitle "GM"]
[WhiteElo "2411"]
[BlackElo "2520"]

1. Nf3 Nf6 2. c4 e6 3. g3 d5 4. b3 b6 5. Bg2 Bb7 6. O-O Be7 7. Bb2 O-O 8. e3 Nbd7
9. Nc3 Nc5 10. d4 Nce4 11. Nxe4 Nxe4 12. Ne5 Qe8 13. Rc1 Rc8 14. Qe2 c6 15. Rc2
f6 16. Nd3 f5 17. f3 Nf6 18. e4 dxe4 19. fxe4 Nxe4 20. Nf2 c5 21. Nxe4 Bxe4 22.
Bxe4 fxe4 23. Qxe4 Rxf1+ 24. Kxf1 Bf6 25. dxc5 Rxc5 26. Bxf6 gxf6 27. Re2 e5 28.
Rd2 Rc7 29. Rd6 Kg7 30. Kg2 Qg6 31. Kf3 Qh5+ 32. Qg4+ Qxg4+ 33. Kxg4 Kg6 34. Kf3
Kf5 35. g4+ Kg5 36. Kg3 b5 37. h4+ Kg6 38. g5 bxc4 39. Rxf6+ Kg7 40. bxc4 Rxc4
41. Ra6 h5 42. Rxa7+ Kg8 43. Ra8+ Kg7 44. Ra7+ Kg8 45. Ra5 Rc3+ 46. Kf2 Rc4 47.
Kg3 Rc3+ 48. Kf2 Rc4 49. Kg3 1/2-1/2

[Event "Warsaw Chess Open - A"]
[Site "Warszawa"]
[Date "1899-12-30"]
[Round "6.3"]
[White "Laurusas, Tomas"]
[Black "Lewtak, Damian"]
[Result "1-0"]
[WhiteTitle "IM"]
[BlackTitle "IM"]
[WhiteElo "2518"]
[BlackElo "2380"]

1. d4 d6 2. Nf3 g6 3. c4 Bg7 4. Nc3 Bg4 5. e3 c5 6. Be2 Nc6 7. O-O Nh6 8. d5 Bxf3
9. Bxf3 Ne5 10. Be2 f5 11. Bd2 O-O 12. h3 g5 13. f4 gxf4 14. exf4 Nd7 15. Bd3
a6 16. Qe2 Kh8 17. Rae1 Rf7 18. Kh1 Bd4 19. g4 fxg4 20. hxg4 Qg8 21. g5 Nf5 22.
Rf3 Re8 23. Rh3 Nf8 24. Qg4 Qg6 25. Rh6 Nxh6 26. Bxg6 Nxg4 27. Bxf7 Rb8 28. Rxe7
b5 29. cxb5 axb5 30. Kg2 b4 31. Nd1 b3 32. axb3 Rxb3 33. Bh5 Rd3 34. Re2 Ne3+
35. Nxe3 Rxd2 36. Rxd2 Bxe3 37. Re2 1-0

[Event "Warsaw Chess Open - A"]
[Site "Warszawa"]
[Date "1899-12-30"]
[Round "6.4"]
[White "Sonis, Francesco"]
[Black "Pultinevicius, Paulius"]
[Result "0-1"]
[WhiteTitle "IM"]
[BlackTitle "GM"]
[WhiteElo "2501"]
[BlackElo "2492"]

1. d4 Nf6 2. c4 d6 3. Nf3 Nbd7 4. Nc3 e5 5. Qc2 g6 6. g3 Bg7 7. Bg2 O-O 8. O-O
Re8 9. Rd1 h6 10. e4 exd4 11. Nxd4 Nc5 12. f3 Qe7 13. Be3 c6 14. Re1 Nfd7 15.
Rad1 Nb6 16. b3 Rd8 17. Qd2 Kh7 18. Nde2 Be6 19. Bd4 a5 20. Bxg7 Kxg7 21. Nd4
Qf6 22. Nce2 Kh7 23. Qe3 Bd7 24. Qc3 Be8 25. f4 Qe7 26. Qc2 Bd7 27. f5 Be8 28.
Nf4 Nbd7 29. fxg6+ fxg6 30. Nf5 gxf5 31. exf5 Qf6 32. a3 Ne5 33. b4 axb4 34. axb4
Na6 35. Qc3 Nc7 36. c5 Nb5 37. Qe3 Ra3 38. Qf2 Bf7 39. h3 d5 40. Kh1 Re8 41. g4
Rb3 42. Qd2 Nc4 43. Qf2 Rbe3 44. Rxe3 Nxe3 45. Re1 Nxg2 46. Nxg2 Rxe1+ 47. Qxe1
Nc3 48. Qg3 d4 49. Nf4 Qe7 50. Kg2 Qe4+ 51. Qf3 Qxf3+ 52. Kxf3 Kg7 53. Nd3 Kf6
54. Kf4 Bc4 55. Ne5 Ne2+ 56. Ke4 Bd5+ 57. Kxd4 Kxe5+ 0-1

[Event "Warsaw Chess Open - A"]
[Site "Warszawa"]
[Date "1899-12-30"]
[Round "6.5"]
[White "Rudolf, Michal"]
[Black "Chomczyk, Marek"]
[Result "1/2-1/2"]
[WhiteTitle "FM"]
[BlackTitle "k++"]
[WhiteElo "2359"]
[BlackElo "2194"]

1. e4 c6 2. Nc3 d5 3. Nf3 dxe4 4. Nxe4 Nf6 5. Qe2 Nxe4 6. Qxe4 Qa5 7. Bc4 Bf5 8.
Qe5 Qxe5+ 9. Nxe5 e6 10. Bb3 Nd7 11. Nxd7 Kxd7 12. O-O a5 13. a4 Kc7 14. d3 Rd8
15. Bd2 b6 16. Bc3 Rg8 17. Rae1 Bc5 18. h3 h5 19. Kh2 Bd4 20. Bxd4 1/2-1/2

[Event "Warsaw Chess Open - A"]
[Site "Warszawa"]
[Date "1899-12-30"]
[Round "6.6"]
[White "Janik, Igor"]
[Black "Antolak, Julia"]
[Result "1-0"]
[WhiteTitle "IM"]
[BlackTitle "WIM"]
[WhiteElo "2500"]
[BlackElo "2309"]

1. Nf3 Nf6 2. g3 b5 3. c3 c5 4. Bg2 Bb7 5. O-O e6 6. d3 Be7 7. e4 d6 8. Re1 Nbd7
9. a4 a6 10. Na3 O-O 11. Bf4 b4 12. Nc4 bxc3 13. Nxd6 cxb2 14. Rb1 Bc6 15. Nc4
Nb6 16. Nxb2 Qe8 17. Ne5 Bxa4 18. Nxa4 Nxa4 19. Qc2 Rc8 20. Nc4 Qc6 21. Ra1 Nb6
22. Rxa6 Nfd7 23. Rb1 Bd8 24. e5 Qc7 25. Nxb6 Nxb6 26. Raxb6 Qxb6 27. Rxb6 Bxb6
28. Bb7 Rb8 29. Be4 Rfc8 30. Be3 h6 31. Qd1 c4 32. Bxb6 Rxb6 33. dxc4 Rb4 34.
Bd3 1-0

[Event "Warsaw Chess Open - A"]
[Site "Warszawa"]
[Date "1899-12-30"]
[Round "6.7"]
[White "Szotkowski, Jakub"]
[Black "Wojdak, Jan"]
[Result "1-0"]
[WhiteTitle "IM"]
[BlackTitle "I++"]
[WhiteElo "2366"]
[BlackElo "2014"]

1. d4 Nf6 2. c4 g6 3. Nc3 d5 4. cxd5 Nxd5 5. Bd2 Nb6 6. Nf3 Bg7 7. Bf4 c5 8. dxc5
Bxc3+ 9. bxc3 Qxd1+ 10. Rxd1 Na4 11. g3 Nxc5 12. Bg2 Nc6 13. Ne5 Nxe5 14. Bxe5
f6 15. Bd4 Ne6 16. Be3 Nd8 17. O-O Nc6 18. Rd2 Kf7 19. Rb1 Rd8 20. Bxc6 Rxd2 21.
Bxb7 Bxb7 22. Bxd2 Bd5 23. a3 Bc4 24. Kf1 Rc8 25. Rb7 a6 26. a4 Bd5 27. Rb6 Bc4
28. Ke1 Rc5 29. Be3 Rc7 30. f4 h5 31. Bd4 Ke8 32. e4 Kd7 33. Kf2 Rc6 34. Rb7+
Rc7 35. Rb2 Rc6 36. Ke3 Rc7 37. h4 Rc6 38. Rb8 Rc8 39. Rb7+ Rc7 40. Rb2 Rc6 41.
Rd2 Ke6 42. Rb2 Kd7 43. f5 e5 44. fxe6+ Rxe6 45. Rb7+ Ke8 46. Rb4 Bf1 47. Kf4
Bd3 48. e5 fxe5+ 49. Bxe5 Rc6 50. Ke3 Bc4 51. Kd4 Be6 52. a5 Bg4 53. c4 Kd7 54.
c5 Be2 55. Rb7+ Ke6 56. Rg7 Kf5 57. Rf7+ Ke6 58. Rf6+ Kd7 59. Bd6 Rc8 60. Kd5
Bb5 61. Rf7+ Ke8 62. Rg7 Ba4 63. Rxg6 Bb3+ 64. Kd4 Kf7 65. Rh6 Bd1 66. Rh7+ Ke6
67. Ra7 Rc6 68. Re7+ Kf6 69. Re1 Bg4 70. Re3 Bh3 71. Re8 Kf7 72. Rh8 Kg6 73. Kd5
Bg2+ 74. Ke6 Bh3+ 75. Ke7 Bf1 76. Rg8+ Kh7 77. Rg5 Kh6 78. Kd7 Bb5 79. Kd8 Be2
80. Bf8+ Kh7 81. Bd6 Kh6 82. Ke7 Bg4 83. Rg8 Kh7 84. Rxg4 1-0

[Event "Warsaw Chess Open - A"]
[Site "Warszawa"]
[Date "1899-12-30"]
[Round "6.8"]
[White "Szustakowski, Antoni"]
[Black "Mis, Mieszko"]
[Result "1/2-1/2"]
[WhiteTitle "FM"]
[BlackTitle "FM"]
[WhiteElo "2260"]
[BlackElo "2361"]

1. Nf3 c5 2. b3 b6 3. e3 Bb7 4. Bb2 Nf6 5. Be2 e6 6. O-O Be7 7. c4 O-O 8. d4 d6
9. Nc3 a6 10. Qc2 Nbd7 11. Rfd1 cxd4 12. Nxd4 Qc7 13. Rac1 Rac8 14. Bf3 Rfd8 15.
Qe2 Bf8 16. a4 Qb8 17. Ba3 Ne5 18. Bxb7 Qxb7 19. Bb4 Ned7 20. a5 Rb8 21. Qa2 Rdc8
22. axb6 Qxb6 23. Ba5 Qb7 24. b4 Ne5 25. Na4 Nfd7 26. Qe2 Nc6 27. Nxc6 Qxc6 28.
Qa2 Be7 29. h3 Bd8 30. Nb2 Bf6 1/2-1/2